| 000 | 00307 a2200121 4500 | ||
|---|---|---|---|
| 001 | 79831 | ||
| 082 | _a006.6MOH | ||
| 090 |
_c39622 _d39622 |
||
| 100 | _aMohler JAmes L. | ||
| 245 |
_aFlash 5; graphics, animation & interactivity with CD-ROM _hEnglish |
||
| 260 |
_aN Delhi _bVikas _c2001 |
||
| 500 | _aCD/DVD | ||
| 942 |
_aCAE NUST _k006.6MOH |
||
| 999 |
_c314904 _d314904 |
||